[Event "Pan American-ch School U11 12th"]
[Site "Callao"]
[Date "2023.10.18"]
[Round "5"]
[White "Pumachaico Valdiviezo, Piero Alonso"]
[Black "Paredes Minaya, Crhistian Jesus"]
[Result "0-1"]
[WhiteElo "1427"]
[BlackElo "1250"]
[PlyCount "92"]
[EventDate "2023.10.16"]
[EventType "swiss"]
[EventRounds "9"]
[EventCountry "PER"]
[SourceTitle "CB48_2023"]
[SourceDate "2023.11.29"]
[SourceVersion "1"]
[SourceVersionDate "2023.11.29"]
[SourceQuality "1"]

1. d4 d5 2. Bf4 c5 3. e3 e6 4. Nf3 Nf6 5. Nbd2 Nc6 6. c3 Bd6 7. Bg3 0-0 8. Ne5 Qc7 9. Nxc6 Qxc6 10. Bd3 b6 11. 0-0 Bxg3 12. hxg3 Bb7 13. g4 Ne4 14. Nxe4 dxe4 15. Be2 f5 16. gxf5 exf5 17. dxc5 Qxc5 18. Qd7 Bc6 19. Qe6+ Kh8 20. b4 Qxc3 21. Qc4 Qxc4 22. Bxc4 b5 23. Bb3 Rad8 24. Rfd1 h6 25. Rac1 Rxd1+ 26. Rxd1 Rf6 27. Rd8+ Kh7 28. Bd1 Rf7 29. Bb3 Rd7 30. Rc8 Rd6 31. Rc7 a6 32. Re7 Kg6 33. Re6+ Rxe6 34. Bxe6 Bb7 35. Kf1 Kf6 36. Bb3 Ke5 37. a3 Bd5 38. Bc2 g5 39. g3 Bc4+ 40. Ke1 f4 41. exf4+ gxf4 42. gxf4+ Kxf4 43. Bd1 Bf7 44. a4 bxa4 45. Bxa4 h5 46. Kf1 Bc4+ 0-1